<?xml version="1.0" encoding="UTF-8"?>
<record
    xmlns:xsi="http://www.w3.org/2001/XMLSchema-instance"
    xsi:schemaLocation="http://www.loc.gov/MARC21/slim http://www.loc.gov/standards/marcxml/schema/MARC21slim.xsd"
    xmlns="http://www.loc.gov/MARC21/slim">

  <leader>01258nam a22002777a 4500</leader>
  <controlfield tag="005">20141115020002.0</controlfield>
  <controlfield tag="008">120321s2011    ck a   gr     0001j spa d</controlfield>
  <datafield tag="020" ind1=" " ind2=" ">
    <subfield code="a">9789587460353</subfield>
  </datafield>
  <datafield tag="041" ind1="0" ind2=" ">
    <subfield code="a">spa</subfield>
  </datafield>
  <datafield tag="044" ind1=" " ind2=" ">
    <subfield code="a">ck</subfield>
  </datafield>
  <datafield tag="082" ind1="0" ind2="4">
    <subfield code="a">338.2724</subfield>
    <subfield code="b">A67i</subfield>
  </datafield>
  <datafield tag="100" ind1="1" ind2=" ">
    <subfield code="a">Ardila-Beltr&#xE1;n, Esperanza</subfield>
    <subfield code="9">11880</subfield>
  </datafield>
  <datafield tag="245" ind1="1" ind2="0">
    <subfield code="a">Im&#xE1;genes y relatos sociales de la actividad carbonera en el Cesar y el Magdalena / </subfield>
    <subfield code="c">Esperanza Ardila Beltr&#xE1;n, Cristian E. Ternera Lobato y Jorge E. Giraldo Barbosa ; director del proyecto Fabio Silva Vallejo.</subfield>
  </datafield>
  <datafield tag="260" ind1=" " ind2=" ">
    <subfield code="a">Bogot&#xE1; </subfield>
    <subfield code="b">Oraloteca</subfield>
    <subfield code="b">Universidad del Magdalena</subfield>
    <subfield code="c">2011</subfield>
  </datafield>
  <datafield tag="300" ind1=" " ind2=" ">
    <subfield code="a">146 p.</subfield>
    <subfield code="b">il.</subfield>
    <subfield code="c">21 cm.</subfield>
  </datafield>
  <datafield tag="504" ind1=" " ind2=" ">
    <subfield code="a">Incluye bibliograf&#xED;a</subfield>
  </datafield>
  <datafield tag="650" ind1=" " ind2="4">
    <subfield code="a">Industria del carb&#xF3;n</subfield>
    <subfield code="x"> Aspectos sociales</subfield>
    <subfield code="z"> Cesar (Colombia)</subfield>
    <subfield code="9">11881</subfield>
  </datafield>
  <datafield tag="650" ind1=" " ind2="4">
    <subfield code="a">Industria del carb&#xF3;n</subfield>
    <subfield code="x"> Aspectos sociales</subfield>
    <subfield code="z"> Magdalena (Colombia)</subfield>
    <subfield code="9">11882</subfield>
  </datafield>
  <datafield tag="650" ind1=" " ind2="4">
    <subfield code="a">Minas de carb&#xF3;n</subfield>
    <subfield code="z"> La Jagua de Ibirico (Cesar, Colombia)</subfield>
    <subfield code="9">11883</subfield>
  </datafield>
  <datafield tag="650" ind1=" " ind2=" ">
    <subfield code="a">Regal&#xED;as</subfield>
    <subfield code="z"> La Jagua de Ibirico (Cesar, Colombia)</subfield>
    <subfield code="9">11884</subfield>
  </datafield>
  <datafield tag="651" ind1=" " ind2="4">
    <subfield code="a">La Jagua de Ibirico (Cesar, Colombia)</subfield>
    <subfield code="x"> Condiciones socioecon&#xF3;micas.</subfield>
    <subfield code="9">11885</subfield>
  </datafield>
  <datafield tag="700" ind1="1" ind2=" ">
    <subfield code="a">Ternera-Lobato, Cristian E.</subfield>
    <subfield code="9">11886</subfield>
  </datafield>
  <datafield tag="700" ind1="1" ind2=" ">
    <subfield code="a">Giraldo-Barbosa, Jorge E.</subfield>
    <subfield code="9">11887</subfield>
  </datafield>
  <datafield tag="700" ind1="1" ind2=" ">
    <subfield code="a">Silva-Vallejo, Fabio, </subfield>
    <subfield code="e">dir.</subfield>
    <subfield code="9">11888</subfield>
  </datafield>
  <datafield tag="942" ind1=" " ind2=" ">
    <subfield code="2">ddc</subfield>
    <subfield code="c">Impreso</subfield>
    <subfield code="0">1</subfield>
  </datafield>
  <datafield tag="999" ind1=" " ind2=" ">
    <subfield code="c">8162</subfield>
    <subfield code="d">8162</subfield>
  </datafield>
  <datafield tag="952" ind1=" " ind2=" ">
    <subfield code="0">0</subfield>
    <subfield code="1">0</subfield>
    <subfield code="2">ddc</subfield>
    <subfield code="4">0</subfield>
    <subfield code="7">0</subfield>
    <subfield code="8">GENERAL</subfield>
    <subfield code="I">INV2017</subfield>
    <subfield code="a">Bogota</subfield>
    <subfield code="b">Bogota</subfield>
    <subfield code="d">2014-02-27</subfield>
    <subfield code="e">Instituto</subfield>
    <subfield code="g">39000.00</subfield>
    <subfield code="l">1</subfield>
    <subfield code="o">LB-338.2724 A67i</subfield>
    <subfield code="p">034026</subfield>
    <subfield code="r">2014-11-14 00:00:00</subfield>
    <subfield code="s">2014-11-14</subfield>
    <subfield code="t">Ej. 1</subfield>
    <subfield code="w">2014-02-27</subfield>
    <subfield code="x">Canje</subfield>
    <subfield code="y">LIBRO</subfield>
  </datafield>
</record>
